000
00426nam a2200145Ia 4500
008
100122s9999 xx 000 0 und d
082
_b
38790
_a
823.5
100
_a
बर्वे राजेंद्र
245
_a
स्कायलॅब
260
_b
ग्रंथघर प्रकाशन
_c
1905
300
_a
133
630
_a
स्कायलॅब
730
_a
स्कायलॅब
942
_c
BOOK
999
_c
420752
_d
420749